Vestník Slovenského zväzu spotrebných družstiev

Gespeichert in:
Bibliographische Detailangaben
Format: Schriftenreihe
Sprache:Slowakisch
Veröffentlicht: Bratislava Slovenský zväz spotrebných družstiev 1987
Tags: Tag hinzufügen
Keine Tags, Fügen Sie das erste Tag hinzu!

MARC

LEADER 00000nas2a2200000 4500
001 s038388
005 20200722120721.0
041 0 |a slo 
044 |a SK 
245 1 0 |a Vestník Slovenského zväzu spotrebných družstiev 
264 1 |a Bratislava  |b Slovenský zväz spotrebných družstiev  |c 1987 
773 0 |w eu_un_cat*s120895